Kirjaimella D alkavia sanoja #2 - Statistics

Yleistilastot
  • Tätä visaa on pelattu 1 546 kertaa
  • Keskiarvotulos 13 / 20
Vastaustilastot
Määritelmä Sana % Oikein
Verensokerin liiallista nousua aiheuttava sairaus Diabetes
98%
Tuulen muodostama hiekkamäki Dyyni
98%
Kansan valtaan perustuva hallintojärjestelmä Demokratia
92%
Mustien täplien peittämä koirarotu Dalmatiankoira
90%
Joidenkin autojen öljypohjainen polttoaine Dieselöljy
89%
Valtionjohtaja, jolla on käytännössä rajaton valta Diktaattori
87%
Erityisruokavalio, usein laihdutukseen tähtäävä Dieetti
75%
Peli, jossa samanlaiset palojen puolikkaat pelataan peräkkäin Domino
75%
Oireiden perusteella tehty arvio niiden aiheuttajasta Diagnoosi
72%
Mielihyvän kokemuksia aiheuttava hormoni Dopamiini
72%
Kahta laulajaa varten luotu musiikkikappale Duetto
68%
Rahan arvon nousu kansantaloudessa Deflaatio
63%
Tarkoituksellisesti jaettua harhaanjohtavaa tai virheellistä tietoa Disinformaatio
63%
Venäjän parlamentti Duuma
58%
Alfred Nobelin tunnettu keksintö Dynamiitti
57%
Savenvalajan pyörivä työväline Dreija
45%
Matematiikassa funktion muutosnopeus Derivaatta
44%
Euroopan unionin jäsenvaltioita velvoittava säädös Direktiivi
40%
Sijamuoto esimerkiksi saksan ja venäjän kielissä Datiivi
22%
Usein poliittinen tai sotilaallinen oppijärjestelmä Doktriini
15%
Ehtoja vastaavia visoja ei löytynyt
Tulosjakauma
Jokaisen tuloksen saaneiden osuus
Persentiili vastausten määrän mukaan
Tuloshistoriasi
Et ole pelannut tätä visaa